How to pass the APC (Record no. 103596)

MARC details
000 -LEADER
fixed length control field 01433cam a22002295a 4500
001 - CONTROL NUMBER
control field ##L126279
008 - FIXED-LENGTH DATA ELEMENTS--GENERAL INFORMATION
fixed length control field 040525s2004 f 000 0 eng d
020 ## - INTERNATIONAL STANDARD BOOK NUMBER
International Standard Book Number 0728204290
035 ## - SYSTEM CONTROL NUMBER
System control number (Sirsi) u126279
041 0# - LANGUAGE CODE
Language code of text/sound track or separate title eng
050 04 - LIBRARY OF CONGRESS CALL NUMBER
Classification number 333.3307 $2 18
100 1# - MAIN ENTRY--PERSONAL NAME
Personal name Imber, Austen
245 00 - TITLE STATEMENT
Title How to pass the APC
Remainder of title essential advice for general practice surveyors
260 ## - PUBLICATION, DISTRIBUTION, ETC.
Place of publication, distribution, etc. London
Name of publisher, distributor, etc. EGI
Date of publication, distribution, etc. 2004
300 ## - PHYSICAL DESCRIPTION
Extent viii, 156p.
Dimensions 24cm.
350 ## - PRICE (NR) (BK AM CF MU VM SE) [OBSOLETE]
Price 25
520 ## - SUMMARY, ETC.
Summary, etc. Built around the needs of general practice surveyors, this book guides candidates through the APC process in line with their own competencies, including valuation; marketing; landlord and tenant; estate management; rating; and planning and development work; together with more specialist areas. Gives comprehensive coverage of the fundamental elements of the APC. Detailed consideration is given to the subject of the critical analysis, including a real life example. Takes into account individual circumstances, and how this affects assessors' questioning on the day of the interview. Highlights the essentials, showing how to approach the presentation and interview. A bank of examples of real APC questions is included, together with illustrative responses to demonstrate how the interview process works.
590 ## - LOCAL NOTE (RLIN)
Local note KA
690 ## - LOCAL SUBJECT ADDED ENTRY--TOPICAL TERM (OCLC, RLIN)
Topical term or geographic name as entry element CAREERS, EDUCATION AND TRAINING-QUALIFICATION ROUTES-ASSESSMENT OF PROFESSIONAL COMPETENCE
942 ## - ADDED ENTRY ELEMENTS (KOHA)
Suppress in OPAC 0
Holdings
Withdrawn status Lost status Damaged status Not for loan Home library Current library Shelving location Date acquired Cost, normal purchase price Total Checkouts Full call number Barcode Date last seen Date last checked out Copy number Cost, replacement price Price effective from Koha item type Source of classification or shelving scheme
  Missing     London London Missing 09/07/2004 25.00 47 333.3307 IMB 30069374 06/08/2019 27/01/2010 3 25.00 06/08/2019 Book  
  Lost     London London Missing 14/02/2006 25.00 13 333.3307 IMB 30071557 06/08/2019 28/02/2008 7 25.00 06/08/2019 Book  
  Lost     London London Missing 14/02/2006 25.00 21 333.3307 IMB 30071558 06/08/2019 12/06/2008 8 25.00 06/08/2019 Book  
  Missing     London London Missing 17/02/2006 25.00 1 333.3307 IMB 30071911 06/08/2019 14/03/2006 9 25.00 06/08/2019 Book  
        London London Books 17/02/2006 25.00 33 333.3307 IMB 30071912 06/08/2019 26/01/2010 10 25.00 06/08/2019 Book Dewey Decimal Classification